000 00411nam a22001577a 4500
999 _c256952
_d256951
003 OSt
005 20180719124150.0
008 180719b xxu||||| |||| 00| 0 eng d
020 _a0070053650
040 _cN/A
100 _aBeer Ferdinand Pierrre
245 _aVector mechanics for engineers
_bStatics and dynamics
250 _a6th ed
260 _aNew York
_bMcGraw-Hill companies
_c1997
942 _2lcc
_cBK